A comparative analysis of economic liberalization

Zapisane w:
Opis bibliograficzny
1. autor: Nagasada, Miyawaki
Format: Książka
Język:Undetermined
Wydane: Tokyo Japan Economic Research Institute, Inc. 1969
Hasła przedmiotowe:
Etykiety: Dodaj etykietę
Nie ma etykietki, Dołącz pierwszą etykiete!
Thư viện lưu trữ: Trung tâm Học liệu Trường Đại học Cần Thơ
LEADER 00507nam a2200181Ia 4500
001 CTU_77779
008 210402s9999 xx 000 0 und d
082 |a 330 
082 |b M685 
100 |a Nagasada, Miyawaki 
245 2 |a A comparative analysis of economic liberalization 
245 0 |c Nagasada Miyawaki 
260 |a Tokyo 
260 |b Japan Economic Research Institute, Inc. 
260 |c 1969 
650 |a Economics 
650 |z Japan 
980 |a Trung tâm Học liệu Trường Đại học Cần Thơ